[Event "Avoine op 32nd"]
[Site "Avoine"]
[Date "2017.07.27"]
[Round "6"]
[White "Grimmer, Jonathan"]
[Black "Gagnepain, Laurent"]
[Result "1-0"]
[WhiteElo "1970"]
[BlackElo "1817"]
[PlyCount "61"]
[EventDate "2017.07.22"]
[EventType "swiss"]
[EventRounds "9"]
[EventCountry "FRA"]
[SourceTitle "CBM 179 Extra"]
[Source "ChessBase"]
[SourceDate "2017.08.23"]
[SourceVersion "1"]
[SourceVersionDate "2017.08.23"]
[SourceQuality "1"]

1. d4 d5 2. Nf3 Nf6 3. e3 Bf5 4. c4 c6 5. Nc3 e6 6. Qb3 Qb6 7. c5 Qxb3 8. axb3 h6 9. b4 Nfd7 10. b5 e5 11. bxc6 bxc6 12. b4 f6 13. b5 Be6 14. bxc6 Nxc6 15. Bb5 Nb4 16. 0-0 e4 17. Nd2 Kd8 18. Ba3 Nc2 19. Ra2 Nxa3 20. Rxa3 Nxc5 21. dxc5 Bxc5 22. Ra4 Ke7 23. Bc6 Rad8 24. Nb3 Bb6 25. Nd4 Rc8 26. Nxd5+ Bxd5 27. Bxd5 Kd6 28. Bxe4 Ke5 29. Nf3+ Ke6 30. Bg6 Rhd8 31. Re4+ 1-0

[Event "FRA-chT4 1415"]
[Site "Champagne Ardennes"]
[Date "2016.01.10"]
[Round "4"]
[White "Grimmer, Jonathan"]
[Black "Leroy, Patrick"]
[Result "1-0"]
[WhiteElo "1920"]
[BlackElo "1925"]
[PlyCount "39"]
[EventDate "2014.10.16"]
[EventType "team-tourn"]
[EventRounds "7"]
[EventCountry "FRA"]
[SourceTitle "EXT 2024"]
[Source "ChessBase"]
[SourceDate "2023.10.10"]
[SourceVersion "1"]
[SourceVersionDate "2023.10.10"]
[SourceQuality "1"]

1. d4 e6 2. Nf3 Nf6 3. Nbd2 b6 4. e4 Ba6 5. c4 d5 6. e5 Ne4 7. Qa4+ Qd7 8. Qxd7+ Nxd7 9. cxd5 Bxf1 10. Rxf1 Nxd2 11. Bxd2 exd5 12. 0-0-0 Be7 13. Rfe1 0-0 14. Kb1 c5 15. e6 fxe6 16. Rxe6 Bf6 17. Rd6 Rfd8 18. Rxd5 cxd4 19. Bg5 Ne5 20. Rxe5 1-0

[Event "FRA-chT4 0809"]
[Site "France "]
[Date "2009.02.08"]
[Round "5"]
[White "Saunders, Mark A"]
[Black "Grimmer, Jonathan"]
[Result "0-1"]
[WhiteElo "1842"]
[BlackElo "1863"]
[PlyCount "62"]
[EventDate "2008.10.??"]
[EventType "team-tourn"]
[EventRounds "9"]
[EventCountry "FRA"]
[SourceTitle "EXT 2010"]
[Source "ChessBase"]
[SourceDate "2010.11.25"]
[SourceVersion "1"]
[SourceVersionDate "2010.11.25"]
[SourceQuality "1"]

1. e4 Nf6 2. e5 Nd5 3. c4 Nb6 4. d4 d6 5. f4 dxe5 6. fxe5 Nc6 7. Nf3 Bg4 8. Be3 Bxf3 9. gxf3 e6 10. Nc3 Be7 11. Ne2 Nxc4 12. Qc1 Nxe3 13. Qxe3 Bb4+ 14. Kf2 Qh4+ 15. Kg2 0-0-0 16. Rd1 Ba5 17. Rg1 Bb6 18. f4 g5 19. Kh1 gxf4 20. Qe4 Qf2 21. Rd3 Nxd4 22. Bg2 c6 23. Nxf4 Nf5 24. Rc1 Rxd3 25. Nxd3 Qe3 26. Qc4 Rg8 27. Nf4 Rg4 28. Rf1 Rh4 29. Bxc6 Rxh2+ 30. Kxh2 Qg3+ 31. Kh1 Qh4+ 0-1

[Event "FRA-chT4 0809"]
[Site "France "]
[Date "2009.01.18"]
[Round "4"]
[White "Durbize, Patrick"]
[Black "Grimmer, Jonathan"]
[Result "1/2-1/2"]
[WhiteElo "1930"]
[BlackElo "1863"]
[PlyCount "60"]
[EventDate "2008.10.??"]
[EventType "team-tourn"]
[EventRounds "9"]
[EventCountry "FRA"]
[SourceTitle "EXT 2010"]
[Source "ChessBase"]
[SourceDate "2010.11.25"]
[SourceVersion "1"]
[SourceVersionDate "2010.11.25"]
[SourceQuality "1"]

1. e4 Nf6 2. Nc3 d5 3. exd5 Nxd5 4. Bc4 Nb6 5. Bb3 Nc6 6. a3 Bf5 7. Nge2 e5 8. d3 Be7 9. Ng3 Bg6 10. Be3 Nd4 11. Ba2 Qd7 12. Qd2 0-0-0 13. 0-0-0 Na4 14. Bxd4 exd4 15. Nxa4 Qxa4 16. Bb3 Qb5 17. Kb1 Bf6 18. Bc4 Qc5 19. f3 Rd6 20. Ne4 Bxe4 21. fxe4 Rb6 22. Ka2 Rd8 23. Qf4 Qg5 24. Qxg5 Bxg5 25. Bxf7 Rf6 26. Rhf1 Rf8 27. Rxf6 Bxf6 28. Be6+ Kd8 29. Rf1 Be7 30. Rxf8+ Bxf8 1/2-1/2